Property litigation mini guide (Record no. 112194)
[ view plain ]
| 000 -LEADER | |
|---|---|
| fixed length control field | 00976cad a22002055a 4500 |
| 001 - CONTROL NUMBER | |
| control field | E152746 |
| 008 - FIXED-LENGTH DATA ELEMENTS--GENERAL INFORMATION | |
| fixed length control field | 110419s2010 xxk f 000 0 eng d |
| 035 ## - SYSTEM CONTROL NUMBER | |
| System control number | (Sirsi) u152746 |
| 041 0# - LANGUAGE CODE | |
| Language code of text/sound track or separate title | eng |
| 110 2# - MAIN ENTRY--CORPORATE NAME | |
| Corporate name or jurisdiction name as entry element | McGrigors |
| 9 (RLIN) | 5941 |
| 245 00 - TITLE STATEMENT | |
| Title | Property litigation mini guide |
| Remainder of title | service charges |
| Medium | [electronic resource] |
| 260 ## - PUBLICATION, DISTRIBUTION, ETC. | |
| Place of publication, distribution, etc. | [Scotland] |
| Name of publisher, distributor, etc. | McGrigors |
| Date of publication, distribution, etc. | 2010 |
| 490 #0 - SERIES STATEMENT | |
| Series statement | McGrigors Property Litigation Mini Guide |
| Volume/sequential designation | (12) December 2010 |
| 520 ## - SUMMARY, ETC. | |
| Summary, etc. | Looks at issues that can arise in relation to service charges, and suggests possible solutions. Topics covered include scope of the service charge, sweeper clauses, test of reasonableness, advertising expenses and management fees. |
| 590 ## - LOCAL NOTE (RLIN) | |
| Local note | KA |
| 651 #4 - SUBJECT ADDED ENTRY--GEOGRAPHIC NAME | |
| Geographic name | Scotland |
| Chronological subdivision | 1999- |
| 690 ## - LOCAL SUBJECT ADDED ENTRY--TOPICAL TERM (OCLC, RLIN) | |
| Topical term or geographic name as entry element | PROPERTY-LEASEHOLD PROPERTY-LANDLORD AND TENANT-SERVICE CHARGES |
| 856 40 - ELECTRONIC LOCATION AND ACCESS | |
| Uniform Resource Identifier | <a href="https://www.mcgrigors.com/pdfdocs/MiniGuide-PropertyLitigation-12-Sevice-Charges.pdf">https://www.mcgrigors.com/pdfdocs/MiniGuide-PropertyLitigation-12-Sevice-Charges.pdf</a> |
| Public note | View the mini guide free of charge at www.mcgrigors.com |
| 942 ## - ADDED ENTRY ELEMENTS (KOHA) | |
| Suppress in OPAC | 0 |
| Withdrawn status | Lost status | Source of classification or shelving scheme | Damaged status | Not for loan | Home library | Current library | Shelving location | Date acquired | Total Checkouts | Full call number | Barcode | Date last seen | Copy number | Price effective from | Koha item type |
|---|---|---|---|---|---|---|---|---|---|---|---|---|---|---|---|
| Dewey Decimal Classification | Virtual | Virtual | Online | 19/04/2011 | ONLINE PUBLICATION | 152746-2001 | 06/08/2019 | 1 | 06/08/2019 | Book |